Typing Pokemon Backwards - Statistics

General Stats
  • This quiz has been taken 18 times
  • The average score is 34 of 40
Answer Stats
Pokemon Pokemon Backwards % Correct
Pikachu uhcakip
100%
Charmander rednamrahc
92%
Chikorita atirokihc
85%
Torchic cihcrot
85%
Froakie eikaorf
85%
Totodile elidotot
85%
Squirtle eltriuqs
85%
Tepig gipet
85%
Turtwig giwtrut
85%
Cyndaquil liuqadnyc
85%
Litten nettil
85%
Fennekin nikennef
85%
Chespin nipsehc
85%
Glaceon noecalg
85%
Leafeon noefael
85%
Espeon noepse
85%
Flareon noeralf
85%
Umbreon noerbmu
85%
Vaporeon noeropav
85%
Jolteon noetloj
85%
Sylveon noevlys
85%
Volcanion noinaclov
85%
Popplio oilppop
85%
Treecko okceert
85%
Articuno onucitra
85%
Mudkip pikdum
85%
Piplup pulpip
85%
Gengar ragneg
85%
Chimchar rahcmihc
85%
Bulbasaur ruasablub
85%
Moltres sertlom
85%
Zapdos sodpaz
85%
Rowlet telwor
85%
Oshawott ttowahso
85%
Steelix xileets
85%
Snivy yvins
85%
Suicune enucius
77%
Dragonite etinogard
77%
Entei ietne
77%
Raikou uokiar
77%
No matching quizzes found
Score Distribution
Percent of People with Each Score
Percentile by Number Answered
Your Score History
You have not taken this quiz